000 01692nam a2200385 a 4500
999 _c447607
_d447607
003 BLK
005 20240731132108.0
008 180409b bul|||||r ||||||| ||bul||
040 _aBLK
041 _aBUL
_cBUL
080 _aДраматични театри. Театри за драма и комедия. Вж и 82-2
_b792.2
_x.071(497.215)(092)(062)
_z792.2.071(497.215)(092)(062)
100 _aВасев, Василен Иванов
_9278777
139 _aВасев, Василен Иванов
_bВ 23
245 1 0 _aРусенският театър от Освобождението до края на Първата световна война 1878-1918
_bАвтореферат на дисертация за получаване на научна степен "Кандидат на изкуствознанието"
_cВасилен Иванов Васев
_h[Малотир. изд.]
257 _aBGR
260 _aСофия
_bБАН
_c1993
_9406277
300 _a36 с.
_c20 см
380 _a7
500 _aИзд. Научен институт по проблеми на изкуствознанието при БАН
650 4 _aДраматични театри, български - Русе
_9278778
650 4 _aРусе - театър
_9278779
650 0 _aИстория
_9396464
651 4 _aРусе
_9179462
651 4 _aБългария
_9241624
653 _aтеатри
653 _aРусе
653 7 _aистория
_9187889
653 _aБългария
852 _aК 792/В 23 В
_bК
856 4 _qpdf
856 4 _qpdf
942 _cKNG
_n0
_s1
_01
944 _aCR
_c2022-03-08
_lКети Илиева
_k30550
999 _d447607